[Event "Frankfurt Ch 2014"]
[Site "Ffm-Höchst, BiKuZ"]
[Date "2014.05.26"]
[Round "5.55"]
[White "Kirschner, Matthias"]
[Black "Lehmann, Gerit"]
[Result "1-0"]
[WhiteElo "1511"]
[BlackElo "1492"]
[PlyCount "145"]
[EventDate "2014.??.??"]
[WhiteTeam "SV 1997 Nauheim"]
[BlackTeam "SF Frankfurt 1921"]

1. c4 e6 2. g3 Nf6 3. Bg2 d5 4. Nc3 c6 5. b3 Be7 6. d3 b6 7. Qc2 Bb7 8. e3 Qc7
9. Nf3 Nbd7 10. O-O O-O 11. Bb2 a6 12. Rfc1 Rfc8 13. Qe2 dxc4 14. bxc4 c5 15.
Qf1 Rd8 16. Ne2 Ne8 17. Rc2 Bf6 18. Bxf6 Ndxf6 19. Rd1 Rd6 20. d4 cxd4 21. exd4
Ne4 22. Rdc1 Rdd8 23. c5 bxc5 24. dxc5 Bd5 25. Nf4 Bc6 26. Qe1 N8f6 27. Nd2
Nxd2 28. Rxd2 Bxg2 29. Nxg2 Rxd2 30. Qxd2 Rd8 31. Qc2 Qc6 32. Ne3 Rc8 33. Qb3
Nd7 34. Rc3 Nxc5 35. Qc2 g6 36. Ng2 Qd5 37. Ne3 Qc6 38. Ng4 Kf8 39. Nf6 Ke7 40.
Ne4 Qxe4 41. Qxe4 Nxe4 42. Rxc8 Kd6 43. Ra8 Nc5 44. Ra7 Nd7 45. Rxa6+ Kc5 46.
Ra7 Kc6 47. f3 e5 48. Kf2 f5 49. Ke3 h6 50. Kd2 g5 51. Kc3 h5 52. Ra8 g4 53.
fxg4 hxg4 54. Rf8 Kd5 55. Kd3 Nc5+ 56. Ke3 Ne6 57. Rb8 f4+ 58. gxf4 exf4+ 59.
Kf2 Ke4 60. Rb4+ Kf5 61. a4 Ke5 62. a5 Nc5 63. Rb8 Ke4 64. Rg8 Kf5 65. Rd8 Ke5
66. Rh8 Ke4 67. Rh4 Nd3+ 68. Kf1 Kf3 69. a6 g3 70. hxg3 fxg3 71. Rh3 Kg4 72.
Rxg3+ Kxg3 73. a7 1-0

[Event "Frankfurt Ch 2014"]
[Site "Ffm-Höchst, BiKuZ"]
[Date "2014.05.26"]
[Round "5.56"]
[White "Muthig, Holger"]
[Black "Klikic, Drazen"]
[Result "1/2-1/2"]
[WhiteElo "1588"]
[BlackElo "1235"]
[PlyCount "57"]
[EventDate "2014.??.??"]
[WhiteTeam "vereinslos"]
[BlackTeam "SC 1961 König Nied"]

1. d4 d5 2. c4 e6 3. Nc3 Nf6 4. Bg5 Be7 5. Nf3 O-O 6. e3 h6 7. Bh4 Ne4 8. Bxe7
Qxe7 9. Rc1 Rd8 10. Bd3 Nxc3 11. Rxc3 dxc4 12. Bxc4 c5 13. Qc2 cxd4 14. Nxd4
Nc6 15. Nxc6 bxc6 16. O-O Bb7 17. Rd1 Rxd1+ 18. Qxd1 Rd8 19. Rd3 Rxd3 20. Qxd3
c5 21. f3 Qg5 22. Kf2 Qh4+ 23. Kf1 Qxh2 24. Qd8+ Kh7 25. Bd3+ g6 26. Qd7 Qh1+
27. Kf2 Qh4+ 28. Kg1 Qe1+ 29. Kh2 1/2-1/2

[Event "Frankfurt Ch 2014"]
[Site "Ffm-Höchst, BiKuZ"]
[Date "2014.05.26"]
[Round "5.57"]
[White "van Bömmel, Philipp"]
[Black "Dümmler, Rudolf"]
[Result "1-0"]
[WhiteElo "1511"]
[BlackElo "1170"]
[PlyCount "45"]
[EventDate "2014.??.??"]
[WhiteTeam "SC 1979 Hattersheim"]
[BlackTeam "SAbt TuS Makkabi Ffm"]

1. d4 d5 2. Nf3 e6 3. e3 Nf6 4. Bd3 c5 5. b3 Be7 6. O-O O-O 7. Bb2 Nbd7 8. Nbd2
b6 9. Ne5 Bb7 10. Qf3 Qc7 11. Qh3 h6 12. f4 Ne4 13. Bxe4 dxe4 14. f5 Nf6 15.
fxe6 Rad8 16. exf7+ Rxf7 17. Nxf7 Kxf7 18. Nc4 Kg8 19. Qe6+ Kh8 20. Ne5 Bc8 21.
Ng6+ Kh7 22. Qxe7 Rd7 23. Nf8+ 1-0